South Eastern Kenya University

Library Online Public Access Catalogue


Parkin/Bade Microeconomics : (Record no. 11752)

MARC details
000 -LEADER
fixed length control field 00732nam a22002297a 4500
003 - CONTROL NUMBER IDENTIFIER
control field OSt
005 - DATE AND TIME OF LATEST TRANSACTION
control field 20160302093521.0
008 - FIXED-LENGTH DATA ELEMENTS--GENERAL INFORMATION
fixed length control field 160302b xxu||||| |||| 00| 0 eng d
020 ## - INTERNATIONAL STANDARD BOOK NUMBER
International Standard Book Number 0201513676
020 ## - INTERNATIONAL STANDARD BOOK NUMBER
International Standard Book Number 9780201513677
040 ## - CATALOGING SOURCE
Original cataloging agency SEKU
050 ## - LIBRARY OF CONGRESS CALL NUMBER
Classification number HB 172.5
Item number .C63
100 ## - MAIN ENTRY--PERSONAL NAME
Personal name Cohen, Avi Jonathan
245 ## - TITLE STATEMENT
Title Parkin/Bade Microeconomics :
Remainder of title Canada in the global environment. Study guide
Statement of responsibility, etc. Avi Jonathan Cohen; Harvey B King; David E Spencer.
260 ## - PUBLICATION, DISTRIBUTION, ETC. (IMPRINT)
Place of publication, distribution, etc. Don Mills, Ont. :
Name of publisher, distributor, etc. Addison-Wesley,
Date of publication, distribution, etc. 1991.
300 ## - PHYSICAL DESCRIPTION
Extent viii, 434 p. :
Other physical details ill. ;
Dimensions 28 cm
650 ## - SUBJECT ADDED ENTRY--TOPICAL TERM
Topical term or geographic name as entry element Microeconomics -- Problems, exercises,
650 ## - SUBJECT ADDED ENTRY--TOPICAL TERM
Topical term or geographic name as entry element Microeconomics.
700 ## - ADDED ENTRY--PERSONAL NAME
Personal name King, Harvey B
700 ## - ADDED ENTRY--PERSONAL NAME
Personal name Spencer, David E
942 ## - ADDED ENTRY ELEMENTS (KOHA)
Source of classification or shelving scheme Library of Congress Classification
Koha item type General circulation
Holdings
Withdrawn status Lost status Source of classification or shelving scheme Damaged status Not for loan Home library Current library Shelving location Date acquired Total Checkouts Full call number Barcode Date last seen Price effective from Koha item type Public note
    Library of Congress Classification     Mtito Andei Centre Library Mtito Andei Centre Library General Stacks 02/03/2016   HB 172.5 .C63 2015/008699 02/03/2016 02/03/2016 General circulation res
Kitui, Kenya.
+254736116989
library@seku.ac.ke